000 00421nam a2200145Ia 4500
008 100204s9999 xx 000 0 und d
082 _b18939
100 _aइनामदार ना.स.
245 _aघातचक्र
260 _b"सन पब्लिकेशन्स , पुणे"
_c1996
300 _a107
630 _aघातचक्र
730 _aघातचक्र
942 _cBOOK
999 _c463362
_d463359